All NHL Hart Memorial Trophy Winners - Statistiques

Statistiques générales
  • Ce quiz a été pris 109 fois
    74 depuis la dernière actualisation
  • Le résultat moyen est 50 sur 101
Statistiques - réponses
an Réponse Nationality Position Team % Correct
2017 Connor McDavid Canada Centre Edmonton Oilers
100%
2021 Connor McDavid Canada Centre Edmonton Oilers
100%
2023 Connor McDavid Canada Centre Edmonton Oilers
100%
2020 Leon Draisaitl Deutschland Centre Edmonton Oilers
100%
2024 Nathan MacKinnon Canada Centre Colorado Avalanche
100%
2022 Auston Matthews United States Centre Toronto Maple Leafs
98%
2019 Nikita Kucherov Russia Right Wing Tampa Bay Lightning
95%
2008 Alexander Ovechkin Russia Left Wing Washington Capitals
93%
2009 Alexander Ovechkin Russia Left Wing Washington Capitals
93%
2013 Alexander Ovechkin Russia Right Wing Washington Capitals
93%
2007 Sydney Crosby Canada Centre Pittsburgh Penguins
93%
2014 Sydney Crosby Canada Centre Pittsburgh Penguins
93%
2015 Carey Price Canada Goaltender Montreal Canadiens
91%
2012 Evgeni Malkin Russia Centre Pittsburgh Penguins
91%
2016 Patrick Kane United States Right Wing Chicago Black Hawks
89%
1980 Wayne Gretzky Canada Centre Edmonton Oilers
86%
1981 Wayne Gretzky Canada Centre Edmonton Oilers
86%
1982 Wayne Gretzky Canada Centre Edmonton Oilers
86%
1983 Wayne Gretzky Canada Centre Edmonton Oilers
86%
1984 Wayne Gretzky Canada Centre Edmonton Oilers
86%
1985 Wayne Gretzky Canada Centre Edmonton Oilers
86%
1986 Wayne Gretzky Canada Centre Edmonton Oilers
86%
1987 Wayne Gretzky Canada Centre Edmonton Oilers
86%
1989 Wayne Gretzky Canada Centre Los Angeles Kings
86%
2011 Corey Perry Canada Right Wing Anaheim Ducks
84%
2010 Henrik Sedin Sweden Centre Vancouver Canucks
84%
1977 Guy Lafleur Canada Right Wing Montreal Canadiens
82%
1978 Guy Lafleur Canada Forward Montreal Canadiens
82%
1999 Jaromir Jagr Czech Republic Right Wing Pittsburgh Penguins
82%
2004 Martin St. Louis Canada Right Wing Tampa Bay Lightning
82%
1997 Dominik Hasek Czech Republic Goaltender Buffalo Sabres
80%
1998 Dominik Hasek Czech Republic Goaltender Buffalo Sabres
80%
2001 Joe Sakic Canada Centre Colorado Avalanche
80%
1988 Mario Lemieux Canada Centre Pittsburgh Penguins
80%
1993 Mario Lemieux Canada Centre Pittsburgh Penguins
80%
1996 Mario Lemieux Canada Centre Pittsburgh Penguins
80%
2018 Tylor Hall Canada Left Wing New Jersey Devils
77%
2006 Joe Thornton Canada Centre Boston Bruins / San Jose Sharks
70%
1990 Mark Messier Canada Centre Edmonton Oilers
70%
1992 Mark Messier Canada Centre New York Rangers
70%
1964 Jean Beliveau Canada Centre Montreal Canadiens
68%
1991 Brett Hull United States Right Wing St. Louis Blues
66%
2002 Jose Theodore Canada Goaltender Montreal Canadiens
66%
2003 Peter Forsberg Sweden Centre Colorado Avalanche
66%
1970 Bobby Orr Canada Defenceman Boston Bruins
64%
1971 Bobby Orr Canada Defenceman Boston Bruins
64%
1972 Bobby Orr Canada Defenceman Boston Bruins
64%
1965 Bobby Hull Canada Left Wing Chicago Black Hawks
61%
1966 Bobby Hull Canada Left Wing Chicago Black Hawks
61%
1963 Gordie Howe Canada Right Wing Detroit Red Wings
61%
2000 Chris Pronger Canada Defenceman St. Louis Blues
57%
2025 Connor Hellebuyck United States Goaltender Winnipeg Jets
57%
1995 Eric Lindros United States Centre Philadelphia Flyers
57%
1973 Bobby Clarke Canada Centre Philadelphia Flyers
45%
1975 Bobby Clarke Canada Centre Philadelphia Flyers
45%
1976 Bobby Clarke Canada Right Wing Philadelphia Flyers
45%
1969 Phil Esposito Canada Centre Boston Bruins
43%
1974 Phil Esposito Canada Centre Boston Bruins
43%
1994 Sergei Fedorov Russia Centre Detroit Red Wings
41%
1979 Bryan Trottier Canada Centre New York Islanders
39%
1947 Maurice Richard Canada Right Wing Montreal Canadiens
36%
1967 Stan Mikita Canada Centre Chicago Black Hawks
34%
1968 Stan Mikita Canada Centre Chicago Black Hawks
34%
1962 Jacques Plante Canada Goaltender Montreal Canadiens
25%
1952 Gordie Howe Canada Right Wing Detroit Red Wings
20%
1953 Gordie Howe Canada Right Wing Detroit Red Wings
20%
1957 Gordie Howe Canada Right Wing Detroit Red Wings
20%
1958 Gordie Howe Canada Right Wing Detroit Red Wings
20%
1960 Gordie Howe Canada Right Wing Detroit Red Wings
20%
1956 Jean Beliveau Canada Centre Montreal Canadiens
18%
1933 Eddie Shore Canada Defenceman Boston Bruins
11%
1935 Eddie Shore Canada Defenceman Boston Bruins
11%
1936 Eddie Shore Canada Defenceman Boston Bruins
11%
1938 Eddie Shore Canada Defenceman Boston Bruins
11%
1928 Howie Morenz Canada Centre Montreal Canadiens
11%
1931 Howie Morenz Canada Centre Montreal Canadiens
11%
1932 Howie Morenz Canada Centre Montreal Canadiens
11%
1939 Toe Blake Canada Left Wing Montreal Canadiens
9%
1954 Al Rollins Canada Goaltender Chicago Black Hawks
5%
1959 Andy Bathgate Canada Right Wing New York Rangers
5%
1961 Bernie Geoffrion Canada Right Wing Montreal Canadiens
5%
1940 Eddie Goodfellow Canada Defenceman Detroit Red Wings
5%
1945 Elmer Lach Canada Centre Montreal Canadiens
5%
1949 Sid Abel Canada Centre Detroit Red Wings
5%
1955 Ted Kennedy Canada Centre Toronto Maple Leafs
5%
1934 Aurele Joliat Canada Left Wing Montreal Canadiens
2%
1944 Babe Pratt Canada Defenceman Toronto Maple Leafs
2%
1937 Babe Siebert Canada Defenceman Montreal Canadiens
2%
1941 Bill Cowley Canada Centre Boston Bruins
2%
1943 Bill Cowley Canada Centre Boston Bruins
2%
1925 Billy Burch Canada Centre Hamilton Tigers
2%
1948 Buddy O'Connor Canada Centre New York Rangers
2%
1950 Chuck Rayner Canada Goaltender New York Rangers
2%
1924 Frank Nighbor Canada Centre Ottawa Senators
2%
1927 Herb Gardiner Canada Defenceman Montreal Canadiens
2%
1946 Max Bentley Canada Centre Chicago Black Hawks
2%
1951 Milt Schmidt Canada Centre Boston Bruins
2%
1926 Nels Stewart Canada Centre Montreal Maroons
2%
1930 Nels Stewart Canada Centre Montreal Maroons
2%
1942 Tommy Anderson Canada Defenceman Brooklyn Americans
2%
1929 Roby Worters Canada Goaltender New York Americans
0%
Aucun quiz correspondant
Distribution des résultats
% des personnes avec chaque résultat
Percentile par nombre de réponses
Votre historique - résultats
Vous n’avez pas pris ce quiz depuis la dernière actualisation